|
|
|
|
| LEADER |
01020nta a2200205 i 4500 |
| 001 |
dipl53174 |
| 005 |
20230117201501.0 |
| 008 |
150702s2013 hu om 0|| zxx d |
| 040 |
|
|
|a SZTE Diploma Repozitórium
|b hun
|
| 041 |
|
|
|a zxx
|
| 100 |
1 |
|
|a Tóth Barbara
|
| 245 |
1 |
0 |
|a Endogén cannabinoid transzport gátló szerepének tanulmányozása telítetlen zsírsav-dús diéta cardioprotektív hatásában
|h [elektronikus dokumentum] /
|c Barbara Tóth
|
| 246 |
1 |
0 |
|a Possible role of an endocannabinoid membrane transport inhibitor in the cardioprotective effects of a polyunsaturated fatty acid-rich diet
|h [elektronikus dokumentum]
|
| 260 |
|
|
|c 2013
|
| 650 |
|
4 |
|a Természettudományok
|
| 650 |
|
4 |
|a Natural sciences
|
| 700 |
0 |
1 |
|a Leprán István
|e ths
|
| 700 |
0 |
1 |
|a Toldi József
|e ths
|
| 856 |
4 |
0 |
|u https://diploma.bibl.u-szeged.hu/id/eprint/53174/1/2013_T%C3%B3th_Barbara_TOBSACT_SZE_SZ.pdf
|z Dokumentum-elérés
|
| 856 |
4 |
0 |
|u https://diploma.bibl.u-szeged.hu/id/eprint/53174/7/2013_toth_barbara_biralati_lap.pdf
|z Dokumentum-elérés
|